000 00390nam a2200169Ia 4500
008 170705s9999 xx 000 0 und d
020 _a9781842054123
245 _aBlack beauty /
245 _cAnna Sewell.
260 _aScotland :
260 _bGeddes & Grosset,
260 _c2004
300 _a175 pages :
300 _bcolor illustration ;
300 _c20cm.
500 _a1010
999 _c336687
_d336687